Rubber flooring - the strong, silent type (Record no. 67590)

MARC details
000 -LEADER
fixed length control field 00283nam a2200109Ia 4500
245 #0 - TITLE STATEMENT
Title Rubber flooring - the strong, silent type
260 ## - PUBLICATION, DISTRIBUTION, ETC. (IMPRINT)
Name of publisher Rubber Developments
Year of publication 1969
300 ## - PHYSICAL DESCRIPTION
Number of Pages 100-104
650 ## - SUBJECT ADDED ENTRY--TOPICAL TERM
Topical Term Rubber flooring
942 ## - ADDED ENTRY ELEMENTS (KOHA)
Koha item type Journals
Holdings
Withdrawn status Lost status Damaged status Not for loan Home library Current library Shelving location Date acquired Serial Enumeration / chronology Koha item type
      Journals RRII Library RRII Library Rubber general 17/12/2021 Volume 22, Issue 3 Journals